| 000 | 00433nam a2200157 4500 | ||
|---|---|---|---|
| 001 | 140560 | ||
| 003 | ES-MaACL | ||
| 005 | 20230906200114.0 | ||
| 007 | t| | ||
| 008 | 070214s1972 sp r ||||1| spa d | ||
| 100 | 1 |
_aSeignolle, Claude. _9105260 |
|
| 245 | 1 | 0 |
_aVida y andanzas del diablo / _cClaude Seignolle. |
| 260 |
_aMadrid : _bStudium, _c1972 ( _fHalar) |
||
| 300 |
_a292 p. ; _c19 cm. |
||
| 852 |
_aES-MaACL _jC-49119 _bR.81385 |
||
| 999 |
_c140560 _d140560 |
||